000 01163nam a2200325 i 4500
001 000046285
003 DO-SdBNP
005 20240508073818.0
007 ta
008 110303s2022 dr 000 0 spa d
020 _a9789945250527
040 _aDO-SdBNP
_bspa
_cBNPHU
_erda
082 _aRD868.44
_bF363c
_222
100 1 _aFernández Spencer, Antonio,
_d1922-1995
_eautor
_922525
245 1 0 _aCartas literarias y relatos inéditos /
_cAntonio Fernández Spencer ; compilador, Cándido Gerón
264 _aSanto Domingo :
_bArchivo General de la Nación,
_c2022.
300 _a534 paginas. ;
_c24 cm.
336 _2rdacontent
_atexto
_btxt
337 _2rdamedia
_asin mediación
_bn
338 _2rdacarrier
_avolumen
_bnc
490 _aArchivo General de la Nación
_v466
500 _aIncluye datos biográficos del autor en las solapas
505 _aCartas literarias--
_tRelatos inéditos
_t índice onomástico.
590 _ainventariado, 2023 / DG
650 4 _aEscritos varios
_961716
_xCartas
650 4 _aEscritos varios
_983348
_xRelatos dominicanos
700 1 _aGerón, Cándido
_ecompilador
_982130
910 _aDG
942 _2ddc
_cLBS1
999 _c53497
_d53497